| 000 | 00468nam a22001697a 4500 | ||
|---|---|---|---|
| 003 | NUST - PNEC | ||
| 005 | 20170116180855.0 | ||
| 008 | 150828b xxu||||| |||| 00| 0 eng d | ||
| 020 | _a0675204496 | ||
| 040 | _cLIBRARY | ||
| 082 | _a621.381 BER | ||
| 100 |
_95957 _aBerlin Howard M |
||
| 245 |
_aPrinciples of electronic instrumentation and measurement _cHoward M Berlin |
||
| 260 | _cc.1988. | ||
| 650 |
_95956 _aElectronic instruments _xME, IME |
||
| 942 |
_2ddc _cBK |
||
| 999 |
_c64783 _d64783 |
||